| 000 | 00667nam 22002053 4500 | ||
|---|---|---|---|
| 001 | 198971 | ||
| 010 | _a972-27-1526-7 | ||
| 021 |
_aPT _b250241/06 |
||
| 090 | _a198971 | ||
| 100 | _a20251112d u||y0pory50 ba | ||
| 200 |
_aFilosofia e psicologia : o pensamento fenomenológico-existencial de Karl Jaspers _fJosé Maurício de Carvalho |
||
| 210 |
_aLisboa _cImprensa Nacional-Casa da Moeda _d2006 |
||
| 215 |
_a265, [7] p. _cbrochado _d24 cm |
||
| 225 | _aEstudos Gerais. Série Universitária | ||
| 606 |
_933 _aPsicologia |
||
| 675 |
_a159.9 _vPT _zpor |
||
| 700 |
_914882 _aCarvalho _bJosé Maurício de _f1957- |
||
| 801 |
_aPT _bBMMN _gRPC |
||
| 830 | _cVanda | ||
| 990 | _cLIVROS | ||